| 000 | 00816nam a2200241Ia 4500 | ||
|---|---|---|---|
| 003 | OSt | ||
| 005 | 20220926021715.0 | ||
| 006 | a|||||r|||| 00| 0 | ||
| 007 | ta | ||
| 008 | 220923b |||||||| |||| 00| 0 eng d | ||
| 037 | _cGeneral Book | ||
| 040 |
_aRTL _cRTL _beng |
||
| 041 |
_2eng _aeng |
||
| 082 | _aVIN45,933:8.N74, L5 7F UN | ||
| 110 |
_aUNITED NATIONS, GENERAL ASSEMBLY. _999298 |
||
| 245 | 0 | _aFinancial report and accounts for the year Dec 1974 and report of board of auditors. | |
| 260 |
_aNew York _bUnited Nations _c1975 |
||
| 300 |
_av,19p _ccm. |
||
| 500 | _aOfficial records : 13th session ,; Supp.no. 7F(A/10007/Add.6) | ||
| 700 |
_aUNITED NATIONS, GENERAL ASSEMBLY. _999299 |
||
| 942 |
_hVIN45,933:8.N74, L5 7F UN _cGB _2CC |
||
| 999 |
_c637430 _d637430 |
||